Statistics for 15 Largest Cities in Louisiana🐊🎭⚜

Click here to take the quiz!

General Stats

  • This quiz has been taken 12 times
  • The average score is 10 of 15

Answer Stats

PopulationCity% Correct
225,539Baton Rouge
100%
383,974New Orleans
100%
122,469Lafayette
91%
83,444Lake Charles
91%
189,374Shreveport
91%
33,461Houma
82%
140,590Metairie
73%
48,105Monroe
73%
45,736Alexandria
64%
66,411Kenner
64%
63,168Bossier City
45%
29,746Central
27%
34,118Prairieville
27%
29,129Laplace
18%
31,928Marrero
9%

Score Distribution

Percentile by Number Answered

Percent of People with Each Score

Your Score History

You have not taken this quiz